000 00399nam a2200133Ia 4500
008 231129s9999||||xx |||||||||||||| ||spa||
020 _a968-451-734-3
040 _bspa
082 _a001.642 A139L (EN PROCESO DE DESCARTE)
100 _aAbelson Harold
245 0 _aLogo para Apple II
264 _aMadrid (EspaƱa): Byte Books/McGraw-Hill
942 _2ddc
_cBKS
999 _c19436
_d19436